000 00565cam a22002171 4500
001 sa 65000846
003 DLC
005 20260227112105.0
008 860130s1963 io a 000 0 ind
010 _asa 65000846
025 _aPL480:Indo-1058
035 _a(OCoLC)13083408
040 _aDLC
_cKyU
_dDLC
042 _apremarc
050 0 0 _aPL5089.U78
_bD4
100 1 _aUsman, K.
245 1 0 _aDeru ombak ditebing karang,
_coleh K. Usman.
260 _aDjakarta,
_bBalai Pustaka,
_c1963.
300 _a16 p.
_billus.
_c18 cm.
490 0 _aSeri batjaan teruna
999 _c61779
_d61779